| 000 | 00730nam a2200265Ia 4500 | ||
|---|---|---|---|
| 003 | OSt | ||
| 005 | 20220924114736.0 | ||
| 006 | a|||||r|||| 00| 0 | ||
| 007 | ta | ||
| 008 | 220923b |||||||| |||| 00| 0 ara d | ||
| 024 | _a344104 | ||
| 037 | _cTextual | ||
| 040 |
_aARTS _cARTS _bara |
||
| 041 |
_2ara _aara |
||
| 082 | _aR4,(Q7:21), 28N1 | ||
| 100 |
_aKhatib Abdul Karim Au. _9175119 |
||
| 245 | 0 | _aMashiyatullah wa mashiyata-al-ibad | |
| 260 |
_aCairo _bDar-al-fikr Egypt _c1991 |
||
| 300 |
_a144p. _ccm. |
||
| 650 | _a ETHICS | ||
| 650 | _a PHILOSOPHY | ||
| 650 |
_aARABIC LANGUAGE _931794 |
||
| 942 |
_hR4,(Q7:21), 28N1 _cTEXL _2CC |
||
| 999 |
_c395054 _d395054 |
||